Comuni italiani con la lettera B (parte 2) - Statistics

Statistiche generali
  • Questo quiz è stato fatto 34 volte
  • Il punteggio medio è 16 su 73
Statistiche sulle risposte
COMUNE PROVINCIA % Corretto
Busso Campobasso
58%
Brugherio Monza
46%
Bussolengo Verona
46%
Busto Arsizio Varese
46%
Brunico Bolzano
42%
Buccinasco Milano
42%
Budrio Bologna
42%
Brunello Varese
33%
Busca Cuneo
33%
Buscate Milano
33%
Bussero Milano
33%
Busseto Parma
33%
Buti Pisa
33%
Buonabitacolo Salerno
29%
Buonconvento Siena
29%
Burago di Molgora Monza
29%
Burgio Agrigento
29%
Busalla Genova
29%
Busto Garolfo Milano
29%
Brunate Como
25%
Brusciano Napoli
25%
Bubbiano Milano
25%
Buggiano Pistoia
25%
Buonvicino Cosenza
25%
Buscemi Siracusa
25%
Bruno Asti
21%
Brusaporto Bergamo
21%
Brusimpiano Varese
21%
Brusson Aosta
21%
Buccheri Siracusa
21%
Bucine Arezzo
21%
Bulgarograsso Como
21%
Buonalbergo Benevento
21%
Busano Torino
21%
Buseto Palizzolo Trapani
21%
Butera Caltanissetta
21%
Buttrio Udine
21%
Brugine Padova
17%
Brugnato Spezia
17%
Brugnera Pordenone
17%
Bucciano Benevento
17%
Buccino Salerno
17%
Busnago Monza
17%
Bussoleno Torino
17%
Buttapietra Verona
17%
Bruino Torino
13%
Brumano Bergamo
13%
Brusasco Torino
13%
Brusnengo Biella
13%
Bruzzano Zeffirio Reggio Calabria
13%
Bubbio Asti
13%
Bucchianico Chieti
13%
Buddusò Sassari
13%
Buggerru Sud Sardegna
13%
Bugnara L'Aquila
13%
Buguggiate Varese
13%
Buja Udine
13%
Bultei Sassari
13%
Bulzi Sassari
13%
Burcei Sud Sardegna
13%
Burgos Sassari
13%
Buriasco Torino
13%
Burolo Torino
13%
Buronzo Vercelli
13%
Busachi Oristano
13%
Bussi sul Tirino Pescara
13%
Buttigliera d'Asti Asti
13%
Bruzolo Torino
8%
Budoia Pordenone
8%
Budoni Sassari
8%
Buglio in Monte Sondrio
8%
Bulciago Lecco
8%
Buttigliera Alta Torino
8%
Nessun quiz corrispondente trovato
Distribuzione punteggi
Percentuale di utenti per punteggio
Percentile per numero di risposta
I tuoi punteggi nel tempo
Non hai fatto questo quiz